000 00808nam a22002057a 4500
999 _c11478
_d11478
008 181205b ||||| |||| 00| 0 eng
020 _a978-621-9560-90-0
082 _22017
_aDFil 174.4
_bJ487
100 _aJerusalem, Violeta L.
_932898
245 _aBusiness ethics & social responsibility:
_bconcepts, principles, & practices of ethical standards/
_cVioleta L. Jerusalem, Marjueve M. Palencia, Jonas M. Palencia
260 _aManila:
_bFastbooks Educational Supply,
_c©2017.
300 _axiv, 290 pages.
_billustrations;
_c25 cm.
500 _aincludes bibliographical references.
650 _aBusiness ethics
_932899
650 _aSocial responsibility of business
_932900
700 _aPalencia, Marjueve.
_932901
700 _aPalencia, Jonas M.
_932902
365 _b395
_cphp
942 _2ddc
_cDFIL